《金坷垃》广告日非争论台词 - Statistics

General Stats
  • This quiz has been taken 86 times
  • The average score is 4 of 6
Answer Stats
争论方 论点 % Correct
非洲 我要金坷垃!非洲农业不发达,必须要有金坷垃!
81%
日本 用了金坷垃,小麦亩产一千八,日本的粮食再也不向美国进口啦!哈哈哈哈哈哈
63%
非洲 世界肥料都涨价,肥料掺了金坷垃!一袋能顶两袋撒!
58%
非洲 肥料掺了金坷垃,不流失!不蒸发!零浪费!
56%
日本 我要金坷垃!日本资源太缺乏,必须要有金坷垃!
54%
日本 肥料掺了金坷垃,能吸收两米下的氮磷钾!
46%
No matching quizzes found
Score Distribution
Percent of People with Each Score
Percentile by Number Answered
Your Score History
You have not taken this quiz